000 01123nam a22003017i 4500
005 20260310123713.0
008 250906s |||||||gr|||| 00| 0 ara d
020 _a9789933133108
040 _aJO-AmGAM
_erda
041 0 _aara
_hund
082 1 4 _a620.137
_bش ي ن
100 _aمحمود، نادر
_eمعد.
245 1 0 _aتصميم الخرسانة المسلحة /
_cويفا شين، ايريك لوي ؛ ترجمة وإعداد المهندس نادر محمود.
264 3 1 _aحلب :
_bشعاع للنشر والعلوم ،
_c2020.
300 _a645 صفحة.
336 _2rdacontent
_aنص
_btxt
337 _2rdamedia
_aدون وسيط عرض
_bn
338 _2rdacarrier
_aمجلد
_bnc
490 1 _aالهندسة الإنشائية ؛
_v2
650 1 7 _aالبناء الخرساني.
650 1 7 _aالهندسة الإنشائية.
650 1 7 _aالخرسانة المسلحة.
700 1 _aلوي، ايريك
_eمؤلف.
700 1 _aمحمود، نادر
_eمترجم.
_eمعد.
830 2 _aالهندسة الإنشائية
942 _2ddc
_cBK
999 _c247992
_d247992